Κοινωνική Ασφάλιση και Ισότητα των Φύλων (Record no. 104)
[ view plain ]
| 000 -LEADER | |
|---|---|
| fixed length control field | 02209cam a22001814a 4500 |
| 005 - ΗΜΕΡΟΜΗΝΙΑ ΚΑΙ ΩΡΑ ΤΕΛΕΥΤΑΙΑΣ ΕΝΗΜΕΡΩΣΗΣ | |
| Πεδίο ελέγχου | 20250605163924.0 |
| 008 - FIXED-LENGTH DATA ELEMENTS--GENERAL INFORMATION | |
| Πεδίο ελέγχου σταθερού μήκους | 250528s ||||||||||||||||||||||||d |
| 035 ## - SYSTEM CONTROL NUMBER | |
| System control number | 14474 |
| 040 ## - ΠΗΓΗ ΚΑΤΑΛΟΓΟΓΡΑΦΗΣΗΣ | |
| Φορέας πρωτότυπης καταλογογράφησης | MC Athens Campus Library |
| Γλώσσα καταλογογράφησης | Ελληνικά, Μοντέρνα (1453-) |
| Modifying agency | MC Athens Campus Library |
| Κανόνες περιγραφικής καταλογογράφησης | AACR2 |
| 245 1# - ΤΙΤΛΟΣ ΚΑΙ ΔΗΛΩΣΗ ΥΠΕΥΘΥΝΟΤΗΤΑΣ | |
| Τίτλος | Κοινωνική Ασφάλιση και Ισότητα των Φύλων |
| 260 ## - PUBLICATION, DISTRIBUTION, ETC. | |
| Name of publisher, distributor, etc. | Κοινοβουλευτική Ομάδα Του Ευρωπαϊκού Σοσιαλιστικού, |
| Date of publication, distribution, etc. | 2002 |
| 300 ## - PHYSICAL DESCRIPTION | |
| Extent | 162 |
| 520 ## - SUMMARY, ETC. | |
| Summary, etc. | Πρόλογος, Μεταρρύθμιση Ασφαλιστικών Συστημάτων και Ισότητα των Φύλων, Εισαγωγή, Κοινωνική Ασφάλιση και Ισότητα των Φύλων, Συνταξιοδότηση των Γυναικών και Ισότητα των Φύλων, Οτική Ισορροπίας ανάμεσα στο Ρυθμιστικό Ρόλο της Πολιτείας και στο Διπλό Ρόλο των Εργαζόμενων Γυναικών, Gender Equality in the Social Policy Agenda, Κοινωνική Προστασία και Δικαιώματα των Γυναικών, Ρύθμιση του ''Ασφαλιστικού'' και Ουσιαστική Ισότητα των Φύλων και Ουσιαστική Στήριξη της Οικογένειας: Μια Αδιάσπαστη Ενότητα, Οι Ευρωπαϊκές Εξελίξεις στην Κοινωνική Ασφάλιση - Η Διάσταση του Φύλου, Gender Inequality and Pensions - A European and Global Perspective, Social Policy and Gender Equality in Sweden, Μεταρρύθμιση του Ελληνικού Ασφαλιστικού Συστήματος και Ισότητα των Φύλων, Το Σύστημα Κοινωνικής Προστασίας στην Ελλάδα και οι Γυναίκες - Μελέτες (ΚΕΘΙ), Μεταρρύθμιση του Συνταξιοδοτικού Συστήματος και Ισότητα των Φύλων, Ανισότητες Φύλων και Κοινωνική Ασφάλιση: Ορισμένα Συμπεράσματα. |
| 700 1# - ΠΡΟΣΘΕΤΗ ΑΝΑΓΡΑΦΗ--ΦΥΣΙΚΟ ΠΡΟΣΩΠΟ | |
| Personal name | Καραμάνου Άννα |
| 9 (RLIN) | 159 |
| 942 ## - ADDED ENTRY ELEMENTS (KOHA) | |
| Koha item type | Books |
| Τύπος τεκμηρίου | Βιβλιοθήκη | Τρέχουσα τοποθεσία | Barcode | Αριθμός εισαγωγής | Ημερομηνία απόκτησης | Ταξιθετικό σύμβολο | Αριθμός αντιτύπου | Κατάσταση απόσυρσης | Κατάσταση χαμένου | Κατάσταση κατεστραμμένου | Μη δανεισμός | Σύνολο δανεισμών | Ημερομηνία τελευταίας εμφάνισης | Η τιμή ισχύει από |
|---|---|---|---|---|---|---|---|---|---|---|---|---|---|---|
| Books | MC Athens Campus Library | MC Athens Campus Library | 9780000001030 | 9393 | 05/06/2025 | 368.4 KAR | 1 | 05/06/2025 | 05/06/2025 |